000 00435nam a2200157 4500
001 4480
005 20181127173506.0
020 0 0 _a8121911001
090 0 0 _a657.046 S5623a 2014
100 0 0 _aShukla, M. C.
245 0 0 _aAdvanced accounts /
_b
_cM.C. Shukla, T.S. Grewal, S. C. Gupta
_h
250 0 0 _aRevised Edition.
260 0 0 _aNew Delhi :
_bS. Chand & Co.,
_c2014.
500 _aOn cover: ""Revised edition""
650 0 0 _aAccounting.
_x
999 _c3711
_d3711